000 00650nam a22002297a 4500
003 UA-OsUOA
001 61335
007 ta
008 20090701b un ||||| |||| 00| 0 ukr d
090 _a81"374.2-112.2
942 _cBK
040 _aUA-OsUOA
_brus
_cUA-OsUOA
_dUA-OsUOA
245 _aНовый немецко-русский словарь
300 _a808 с.
955 _a2
041 _arus
080 _a81"374.2-112.2
020 _a966-539-191-7
260 _aК.
_bА.С.К.
_c2001
650 7 _a8 Мовознавство. Художня література. Літературознавство
_2UDC
999 _c347481
_d347481